000 00202 a2200097 4500
001 18009
100 _aTodd, V E
245 _aYears before school
260 _a
_bMacmillan Co
_c
090 _c13313
_d13313
942 _aNUST-CAE
_cM
_c3685
999 _c253082
_d253082